| 000 | 01331cam a22003497a 4500 | ||
|---|---|---|---|
| 003 | CHAP | ||
| 005 | 20220329133052.0 | ||
| 008 | 971013s1990 r 00010 d | ||
| 010 | _a1808 | ||
| 011 | _a2780 | ||
| 035 | _a1980 | ||
| 040 | _cCHAP | ||
| 090 | _aTesis | ||
| 100 | 0 | 0 |
_aToledo Rivera, Juan Carlos. _9113631 |
| 245 | 1 | 0 |
_aCaracterización patógenica de cinco poblaciones de Nacobbus aberrans y evaluación del daño que causan a tomate, chile y frijol en México _c/ por Juan Carlos Toledo Rivera |
| 260 |
_aMontecillo, Méx. : _bEl Autor, _c1990 |
||
| 300 |
_a64 h. _b: ilus. ; gráfs. |
||
| 502 | _aTesis (M.C. Esp. en Fitopatología) -- C.P. Centro de Fitopatología | ||
| 590 |
_aALEPH _b10 _c20130110 _lUCH01 _h1209 |
||
| 590 |
_aBATCH-UPD _b10 _c20130110 _lUCH01 _h0929 |
||
| 590 |
_aBATCH-UPD _b10 _c20130410 _lUCH01 _h0549 |
||
| 590 |
_aBATCH-UPD _b10 _c20130914 _lUCH01 _h1438 |
||
| 590 |
_aCONVERSION _b10 _c20130109 _lUCH01 _h1302 |
||
| 650 | 1 | 4 |
_aFrijol _xEnfermedades por nemátodos. _943370 |
| 650 | 1 | 4 |
_aNacobbus aberrans. _980022 |
| 650 | 1 | 4 |
_aPlantas _xEnfermedades por nemátodos. _988833 |
| 650 | 1 | 4 |
_aTomate _xEnfermedades por nemátodos. _9113714 |
| 901 | _aBK | ||
| 942 | _cFOLL | ||
| 949 |
_aTesis _bBC _cTES _d-11474 _eTS1 _h23810 _i1980 _si |
||
| 949 |
_aTesis _bBC _cTES _d-37579 _eTS2 _fc.2 _h23811 _i1980 _si |
||
| 999 |
_c1808 _d1808 |
||